000 00381nam a2200145Ia 4500
008 230917s9999||||xx |||||||||||||| ||und||
040 _e87373
_aMAIN
041 _aEnglish
082 _a954.01 H879C
100 _aHultzsch, E
245 0 _aCorpus inscriptionum indicarum, v1: inscriptions of Asoka
260 _aDelhi
_bIndological Book
_c1969
300 _a260 p.
942 _cBK
999 _c187063
_d187063